Estatísticas para Sedes dos Jogos Olímpicos de Inverno

Clique aqui para jogar o quiz

Estatísticas Gerais

  • Esse quiz foi jogado 16 vezes
  • A pontuação média é 11 de 25

Estatísticas das Respostas

AnoPaísCidade% Correto
2026ItáliaMilão / Cortina d'Ampezzo
91%
1952NoruegaOslo
91%
2022ChinaPequim
82%
2014RússiaSóchi
82%
2010CanadáVancouver
82%
2006ItáliaTurim
64%
1984IugosláviaSarajevo
55%
2002Estados UnidosSalt Lake City
55%
1998JapãoNagano
45%
1964 | 1976ÁustriaInnsbruck
45%
2018Coréia do SulPyeongchang
36%
1956ItáliaCortina d'Ampezzo
36%
1972JapãoSapporo
36%
1924FrançaChamonix
27%
1988CanadáCalgary
27%
1994NoruegaLillehammer
18%
1992FrançaAlbertville
18%
1928 | 1948SuíçaSão Moritz
18%
1968FrançaGrenoble
18%
1960Estados UnidosSquaw Valley
18%
1936AlemanhaGarmisch-Partenkirchen
18%
1932 | 1980Estados UnidosLake Placid
18%

Distribuição das Pontuações

Percentil de Números Respondidos

Porcentagem de Pessoas com Cada Pontuação

Sua Pontuação Histórica

Você não jogou esse quiz